| 000 | 00818nam a2200253Ia 4500 | ||
|---|---|---|---|
| 003 | OSt | ||
| 005 | 20220925175718.0 | ||
| 006 | a|||||r|||| 00| 0 | ||
| 007 | ta | ||
| 008 | 220923b |||||||| |||| 00| 0 eng d | ||
| 020 |
_a0521467349 _c495.00 |
||
| 037 |
_b672, 15/04/1995, Elite _cGeneral Book |
||
| 040 |
_aRTL _cRTL _beng |
||
| 041 |
_2eng _aeng |
||
| 082 | _aY9(W).1(X).N9, N4 | ||
| 100 |
_aMIDGAL Joel S. and others Ed. _9249554 |
||
| 245 | 0 | _aState power and social forces | |
| 260 |
_aCambridge _bCambridge University Press _c1994 |
||
| 300 |
_aix, 333p _ccm. |
||
| 490 | _aCambridge Studies in Comparative Politics | ||
| 650 | _aPolitical Sociology | ||
| 942 |
_hY9(W).1(X).N9, N4 _cGB _2CC |
||
| 999 |
_c494356 _d494356 |
||